000 00219 a2200097 4500
001 15697
100 _aO'Donnell W R
245 _aVariety in Contemporary English
260 _a
_bGeorge Allen
_c
090 _c12255
_d12255
942 _aNUST-CAE
_cM
_c2509
999 _c250770
_d250770